| 000 | 00908nam a2200265 a 4500 | ||
|---|---|---|---|
| 001 | 62247 | ||
| 003 | BD-RjUL | ||
| 005 | 20211209081047.0 | ||
| 008 | 170123s1984 bg a eng | | ||
| 020 | _c: Tk.250.00(Inland) | ||
| 020 | _c: Complimentary | ||
| 035 | _a(BD-RjUL)62373 | ||
| 040 |
_aANL _beng _dANL _cBD-RjUL |
||
| 041 | _aeng | ||
| 082 |
_223 _a304.6095492021 _bJES 1984 (DS) |
||
| 110 |
_aBangladesh Bureau of Statistics _9179266 |
||
| 245 | 1 | 0 |
_aBangladesh population census, 1981: _bDistrict: Jessore / _cBangladesh Bureau of Statistics |
| 260 |
_aDhaka, : _bBangladesh Bureau of Statistics, _c1984 |
||
| 300 |
_aLxxiii, 663 p. : _bIll ; _c28 cm. |
||
| 490 | _aDistrict series: Jessore | ||
| 651 |
_aBangladesh _zJessore _vcensus, 1981 _9185002 |
||
| 651 |
_aBangladesh _zJessore _xPopulation _vStaistics _y1981 _9185003 |
||
| 830 |
_aDistrict series: Jessore _9185157 |
||
| 942 |
_2ddc _cRAR |
||
| 999 |
_c62247 _d62247 |
||